[Event "Marseille op"]
[Site "Marseille"]
[Date "2007.12.29"]
[Round "6"]
[White "Durandeau, Jean Marie"]
[Black "Friburger, Thibault"]
[Result "1/2-1/2"]
[WhiteElo "1947"]
[BlackElo "1808"]
[PlyCount "80"]
[EventDate "2007.12.27"]
[EventType "swiss"]
[EventRounds "9"]
[EventCountry "FRA"]
[SourceTitle "CBM 122 Extra"]
[Source "ChessBase"]
[SourceDate "2008.03.04"]
[SourceVersion "1"]
[SourceVersionDate "2008.03.04"]
[SourceQuality "1"]

1. e4 e5 2. Nf3 Nf6 3. Nxe5 d6 4. Nf3 Nxe4 5. Nc3 Nxc3 6. dxc3 Be7 7. Bf4 Nd7 8. Qd2 Nc5 9. 0-0-0 0-0 10. h4 Bf6 11. Nd4 Ne4 12. Qe2 Re8 13. Qf3 Bd7 14. Bd3 d5 15. Rde1 Bxd4 16. cxd4 Bc6 17. g4 Qf6 18. c3 g6 19. g5 Qf5 20. Bf1 Qe6 21. Bh3 f5 22. h5 Re7 23. hxg6 Qxg6 24. Reg1 Be8 25. Bf1 Qe6 26. Be5 Bg6 27. Qe3 Rae8 28. Be2 Rf7 29. f4 Ree7 30. Rh6 Kf8 31. Bh5 Ke8 32. Rh1 Kd7 33. Bxg6 hxg6 34. Rh8 Re8 35. R1h7 Rxh8 36. Rxh8 Qa6 37. Kb1 Qf1+ 38. Kc2 Qg2+ 39. Kb3 Qf1 40. Rh2 Qc4+ 1/2-1/2